Southville International School and Colleges
Your cart is empty.
  • Cart
  • Lists
    Public lists Eva Luna New books Lux_list list_1
    Your lists Log in to create your own lists
  • Log in to your account
  • Your cookies
  • Search history
Southville International School and Colleges
  • Advanced search
  • Recent comments
  • Most popular
  • Libraries

Log in to your account

Log in with GOOGLE


If you do not have an external account, but do have a local account, you can still log in:

  1. Home
  2. MARC view: The Tao of personal leadership /
Normal view MARC view ISBD view

The Tao of personal leadership / (Record no. 19852)

[ view plain ]
MARC details
000 -LEADER
fixed length control field 00497nam a2200193 a 4500
005 - DATE AND TIME OF LATEST TRANSACTION
control field 20140310183200.0
008 - FIXED-LENGTH DATA ELEMENTS--GENERAL INFORMATION
fixed length control field 021204s19uu xx 00 eng d
020 ## - INTERNATIONAL STANDARD BOOK NUMBER
International Standard Book Number 0-88730-837-6
050 ## - LIBRARY OF CONGRESS CALL NUMBER
Classification number HM 141
Item number .D74 1997
100 ## - MAIN ENTRY--PERSONAL NAME
Personal name Dreher, Diane
245 ## - TITLE STATEMENT
Title The Tao of personal leadership /
Statement of responsibility, etc Diane Dreher.
260 ## - PUBLICATION, DISTRIBUTION, ETC. (IMPRINT)
Place of publication, distribution, etc New York :
Name of publisher, distributor, etc HarperCollins,
Date of publication, distribution, etc 1997.
300 ## - PHYSICAL DESCRIPTION
Extent 288p. :
Dimensions 21 cm.
521 ## - TARGET AUDIENCE NOTE
Target audience note
650 ## - SUBJECT ADDED ENTRY--TOPICAL TERM
Topical term or geographic name as entry element Leadership
650 ## - SUBJECT ADDED ENTRY--TOPICAL TERM
Topical term or geographic name as entry element Tao
942 ## - ADDED ENTRY ELEMENTS (KOHA)
Koha item type Books
Source of classification or shelving scheme Library of Congress Classification
Call number prefix Foreign
Holdings
Withdrawn status Lost status Source of classification or shelving scheme Damaged status Home library Current library Shelving location Date acquired Total Checkouts Total Renewals Full call number Barcode Date last seen Date checked out Copy number Price effective from Koha item type
    Library of Congress Classification   College Library College Library General Circulation Section 12/05/2002 2 12 HM 141 .D74 1997 C1387 05/15/2018 10/18/2016 1 10/10/2013 Books

The Tao of personal leadership /

APA

Dreher D., . (1997). The Tao of personal leadership. New York: HarperCollins.

Chicago

Dreher Diane, . 1997. The Tao of personal leadership. New York: HarperCollins.

Harvard

Dreher D., . (1997). The Tao of personal leadership. New York: HarperCollins.

MLA

Dreher Diane, . The Tao of personal leadership. New York: HarperCollins. 1997.

  • Place hold
  • Print
  • Cite
  • Add to your cart (remove)
  • Save record
    BIBTEX Dublin Core MARCXML MARC (non-Unicode/MARC-8) MARC (Unicode/UTF-8) MARC (Unicode/UTF-8, Standard) MODS (XML) RIS
  • More searches
    Search for this title in:
    Other Libraries (WorldCat) Other Databases (Google Scholar) Online Stores (Bookfinder.com) Open Library (openlibrary.org)

Exporting to Dublin Core...

SOUTHVILLE LIBRARY

Southville International School and Colleges Library

1281 Tropical Ave. Cor. Luxembourg St., BF Homes International, Las Pinas City

Tel. No. 8256374 / 252358 Loc. 117/146

Powered by Koha